[Event "Caissa-Philidor Leeuwarden 71/2-21/2"]
[Site "?"]
[Date "2016.11.05"]
[Round "3"]
[White "Boersma, Jan"]
[Black "Witt, Rob"]
[Result "0-1"]
[WhiteElo "2095"]
[BlackElo "2201"]
[Annotator "Witt"]
[PlyCount "96"]
[EventDate "2016.??.??"]

{We speelden deze thuiswedstrijd in een zaaltje in de Indische buurt. De
overige teams speelden in een daar tegenover gelegen wijkgebouwtje.} 1. e4 e6
2. d4 d5 3. Nc3 Bb4 4. Nge2 {Ik had even gekeken naar deze mogelijke
tegenstander en gezien dat hij dit altijd speelde tegen de Winawer.} Nc6 {
Dit leek me een goeie keus want al zijn tegenstanders speelden dxe4 of Pf6.} 5.
a3 Ba5 6. Qd3 {Die had ik vergeten te bekijken zodat ik nu een kwartiertje
uittrok. Paul Janse had dit ook een keer tegen mij gedaan maar zonder 5.a3.
Dan kan mijn loper terug naar e7 als er een witte dame op h4 verschijnt.} dxe4
7. Qxe4 Nf6 8. Qh4 O-O ({Emanuel Berg geeft als beste speelwijze} 8... Bxc3+ 9.
bxc3 Qd5 ({En} 9... Ne7 {is veel gespeeld.})) 9. Bg5 h6 {Tot mijn verbazing
begon Jan hier een kwartier na te denken. Kennelijk naar het loperoffer op h6
maar dat is niks.} 10. Bxf6 Qxf6 11. Qxf6 gxf6 12. O-O-O Rd8 {Na 6 minuten. Na
afloop dacht ik dat dit een blunder was die een pion of een stuk verliest. Dat
blijkt niet het geval.} 13. Ne4 {Het drong totaal niet tot me door dat wit
hier mijn loper dreigt te winnen.} f5 ({Het is moeilijk te zien dat} 13... Bb6
{goed speelbaar is. Bijv.} 14. Nxf6+ Kg7 15. Nh5+ Kf8 $1 {En zwart wint nu
pion d4 terug. Want slecht is} 16. c3 $2 e5 17. d5 Bxf2 $1 {met grote
complicaties die gunstig voor zwart uitpakken.}) 14. Nf6+ Kg7 $2 {Dit blijkt
pas fout te zijn.} ({Zwart moet een stuk geven met} 14... Kf8 {bijv.} 15. c4 b5
16. b4 bxc4 17. bxa5 Ke7 18. Nh5 Nxa5 {Met voldoende compensatie.}) 15. Nh5+
Kh8 $6 (15... Kf8 {was ook hier een beter veld voor mijn koning. Zoals later
zal blijken is het van belang dat pion f7 gedekt staat als er een wit paard op
e5 verschijnt.}) 16. c4 a6 {Na 10 minuten.} ({Ik keek ook naar} 16... b5 17. b4
bxc4 18. bxa5 Nxa5 {Maar ik zag ten onrechte niet waarom dit relatief beter is
dan wat ik doe.}) 17. c5 b6 18. b4 $2 {Beide spelers missen hier dat de
stukwinst niet wegloopt.} ({Veel sterker was} 18. g3 $1 {waarna wit op winst
ataat.}) 18... Nxb4 ({Ik had ook gekeken naar} 18... bxc5 19. dxc5 Rxd1+ 20.
Kxd1 Nxb4 21. axb4 Bxb4 22. c6 {Maar dan heb ik geen twee verbonden
vrijpionnen.}) 19. axb4 Bxb4 20. cxb6 {Na 10 minuten.} ({Moeilijk te zien
waarom} 20. c6 {beter zou zijn volgens de engine.}) 20... cxb6 {Ik had zelf
hier het idee dat ik redelijke compensatie had en voor drie resultaten speelde.
Ik heb twee verbonden vrijpionnen en wit heeft moeite om zijn ontwikkeling te
voltooien. De engine geeft wit een miniem plusje voor wat het waard is.} 21.
Kb2 Bb7 22. Nhf4 Be7 {Na 10 minuten misschien niet de beste.} (22... Rac8 $5)
23. h4 $6 {Een gekunstelde manier om zijn toren via h3 in het spel te brengen.
Ik zou de voorkeur geven aan Tg1 en g3 of g4.} b5 24. Rh3 b4 25. Rc1 Rac8 ({
Sterker lijkt} 25... Bd6 {en dan met de a-pion naar voren. Dat heeft als
voordeel dat wit Pe2 nog niet kan omspelen. Maar ik wilde de druk op pion h4
niet zomaar opgeven.}) 26. Rxc8 Rxc8 (26... Bxc8 {heb ik niet overwogen. Dat
lijkt achteraf ook beter omdat zwart druk op pion d4 houdt.}) 27. Nc1 a5 28.
Bb5 Bc6 $2 {Een heel slechte zet ingegeven door de foutieve gedachte dat ik
niet wil dat wit mijn a-pion blokkeert. Ik had me langer in de stelling moeten
verdiepen. Mijn loper is veel aktiever dan zijn loper en oefent druk uit op g2.
} ({Veel beter is} 28... Bd6 {Wit heeft dan niet beter dan} 29. Nce2 {waarna
zwart kan vervolgen met} Be4 {waarna wit voor een lastige keuze staat.}) 29.
Bxc6 Rxc6 30. Ncd3 Rd6 {Hier had ik op vertrouwd.} 31. Ne5 $2 {En die had ik
verwacht. Wit nog 10 minuten, zwart een half uur.} ({Veel sterker was} 31. d5
$1 {En zwart heeft niet beter dan} a4 ({Slecht is} 31... Bf6+ {wegens} 32. Kb3
e5 33. Nh5 {Stond mijn koning nu maar op f8 zodat Lh8 mogelijk was.}) 32. dxe6
Bf6+ 33. Kc1 $1 b3 34. Nh5 Rxe6 35. Nxf6 Rxf6 36. Kb2 {En ik betwijfel of
zwart dit kan houden.}) 31... Rxd4 32. Nfg6+ $6 {A tempo gespeeld.} ({De
engine geeft verrassend de h-pion met} 32. Nfd3 $14) ({Zelf verwachtte ik} 32.
Nxf7+ Kg8 33. Nxh6+ Kh7 34. Nxe6 Rd2+ 35. Kc1 Rxf2 {wat ik in ieder geval niet
kan verliezen.}) 32... fxg6 33. Nxg6+ Kg7 34. Nxe7 Rd2+ {Na 4 minuten.} (34...
a4 $5) 35. Kb3 Rxf2 36. Rg3+ Kf7 (36... Kf6 {kon ik niet overzien na} 37. Ng8+
Ke5 38. Nxh6 Kf4 39. Rg6 {Misschien wordt zijn h-pion lastig.}) 37. Nc6 Rf4 ({
Het was moeilijk kiezen tussen de tekstzet en} 37... f4 38. Rg4 h5 39. Rg5 Kf6
$13) 38. h5 Rh4 39. Ne5+ {Jan vertelde na afloop dat hij hier op winst speelde
omdat het slecht ging met het team.} Kf6 40. Nd7+ Ke7 41. Rg7+ Kd6 42. Nf6 Ke5
43. Rg6 Rh2 44. Rxh6 {Gaat 'all in' met zijn vrije h-pion.} Rxg2 45. Nd7+ Kd5
46. Rg6 {Niet verliezend maar gespeeld met een verkeerd idee.} (46. Rh8 $11)
46... Rh2 47. h6 $2 {Jan heeft niks in de gaten.} Kc6 48. Nf8 $2 {Jan heeft
nog steeds niks in de gaten. Ik kan zijn h-pion niet meer stoppen maar helaas
voor Jan is het na} Kb5 {ondekbaar mat!} 0-1

[Event "Hoboken-Jean Jaures 4-4"]
[Site "?"]
[Date "2016.11.06"]
[Round "4"]
[White "Parsai, Ali"]
[Black "Witt, Rob"]
[Result "0-1"]
[WhiteElo "1839"]
[BlackElo "2201"]
[Annotator "Witt"]
[PlyCount "78"]
[EventDate "2016.??.??"]

{Marga zei zondagochtend vroeg: 'het zonnetje schijnt en je gaat gezellig naar
Antwerpen. Veel plezier en succes.' Het verliep iets anders. De hele heenweg
en de hele middag regende het pijpestelen. Ik heb Antwerpen nooit gezien. We
speelden in een soort barak in de 'middle of nowhere'. De enige ruimte was de
speelzaal zodat je niet kon praten of analyseren na afloop van je partij. De
enige troost was een afdakje buiten 20m verderop waar je na een kort sprintje
door de regen een shaggie kon draaien. Ik trof een Iranese tegenstander met
een lage rating.} 1. d4 Nf6 2. c4 e6 3. Nf3 d5 4. g3 dxc4 5. Qa4+ ({Minder
gebruikelijk dan} 5. Bg2) 5... c6 {Die deed ik zonder nadenken.} ({Veel
gebruikelijker is} 5... Nbd7 6. Bg2 a6 7. Qxc4 b5 {maar dat was ik vergeten.})
6. Qxc4 b5 7. Qc2 Bb7 {Een bekende stelling die normaal uit het Slavisch
ontstaat.} 8. Bg2 Nbd7 9. Nc3 {Waarschijnlijk speelde Ali dit omdat ik na
rokade c7-c5 kan spelen.} ({Een andere variant is} 9. Ne5 Qb6 10. Nxd7 Nxd7 11.
Nc3) 9... a6 $6 ({Maar nu blijkt} 9... c5 $1 {ook te kunnen. Want} 10. Nxb5 $2
{kan niet wegens} Qa5+ {Eigenlijk wist ik dit wel, maar mijn geheugen is een
zeef.}) 10. Ne5 {Tijdens de partij besefte ik niet dat wit na mijn volgende
zet beter staat.} Nxe5 {Wellicht was een damezet beter geweest.} 11. dxe5 Nd7 (
11... Nd5) 12. f4 $6 {De eerste zet waar Ali wat langer over nadacht.} ({
Veel beter is} 12. Bf4 {bijv.} Qc7 13. O-O Be7 14. Ne4 O-O 15. Rfd1 Rfd8 16.
Nf6+ Bxf6 17. exf6 e5 18. Qf5 Nxf6 19. Bxe5 $14 {1-0 (60) Nguyen,D (2496)
-Gupta,A (2644) Ho Chi Minh City 2012}) 12... Qb6 13. Bd2 c5 14. Bxb7 Qxb7 15.
Qe4 Qb8 ({Als ik wit's volgende zet had gezien zou ik gekozen hebben voor} 
15... Qc8 $11) 16. Qc6 Qc8 17. Qxc8+ Rxc8 18. Ne4 Rc6 (18... c4) 19. O-O-O Be7
20. Be3 ({Ik maakte me meer zorgen over} 20. Ba5 {Zwart heeft dan weinig
anders dan een zet met de f-pion. Bijv.} f5 21. exf6 Nxf6 {en de schade valt
eigenlijk wel mee.}) 20... Nb6 $1 21. Nd6+ $2 {Die speelde Ali bijna a tempo.
Na andere zetten staat het gelijk.} Bxd6 22. Rxd6 Rxd6 23. exd6 {Deze stelling
had wit in zijn vooruitberekening gezien. Maar niet mijn volgende zet.} Kd7 $1
{Zwart gaat pion d6 winnen. Wit heeft de keus tussen een toreneindspel of een
eindspel van toren tegen paard. Hij koos voor het toreneindspel omdat die
'altijd remise' zijn.} 24. Bxc5 ({Het alternatief is} 24. b4 Na4 25. bxc5 Rc8
26. Kb1 Nxc5 27. Rc1 Nb7 28. Rxc8 Kxc8 $17) 24... Rc8 25. b4 Na4 26. e4 Nxc5
27. bxc5 Rxc5+ 28. Kb2 Kxd6 {Er is een interessant toreneindspel ontstaan.
Voor mij dan. Ik denk dat het altijd gewonnen is, maar de tijd ontbreekt me om
dit goed te analyseren.} 29. Rd1+ Kc7 {Het verbaast me dat de engine Ke7 iets
beter vindt.} 30. e5 h5 31. h4 $2 {Niet nodig en voor mijn gevoel misschien
wel de beslissende fout.} g6 {Ook niet echt noodzakelijk.} (31... Rd5 32. Rc1+
Kb7 33. Rc3 Rd2+ 34. Kb1 a5 $17) 32. Rd6 Rc6 33. Rd4 a5 34. a3 a4 35. Rd3 Rc4
36. Rd6 b4 {Ik had uitgerekend dat dit won.} ({Daarom niet gekeken naar bijv.} 
36... Re4 {dat ook wint.} 37. Ra6 Re3 38. Ra7+ Kc6 39. Rxf7 Rxg3) 37. Ra6 {
Bijna a tempo.} (37. axb4 Rxb4+ 38. Kc2 Rb3 39. Ra6 Kd7 $19) 37... bxa3+ 38.
Kxa3 Rc3+ 39. Kxa4 (39. Kb2 Rxg3 40. Ra7+ Kc6 41. Rxf7 Rg4 {wint ook.}) 39...
Kd7 {En Ali feliciteerde me. We kwamen met 3½-½ voor, maar vervolgens ging
er van alles mis zodat het teleurstellend 4-4 werd.} 0-1

[Event "Caissa intern 2016-2017"]
[Site "?"]
[Date "2016.11.15"]
[Round "10"]
[White "Witt, Rob"]
[Black "Wunnink, Michael"]
[Result "1-0"]
[WhiteElo "2201"]
[BlackElo "2236"]
[Annotator "Witt"]
[PlyCount "107"]
[EventDate "2016.??.??"]

{Met slechts 3 uit 5 werd ik in de 10e ronde tot mijn verbazing ingedeeld
tegen de ongeslagen koploper Michael Wunnink.} 1. d4 Nf6 2. c4 e6 3. Nf3 d5 4.
Nc3 {Deze keer geen Katalaans.} Bb4 {Dit kwam als een verrassing. Ik wist niet
dat Michael de Ragozin speelde en dacht dat hij zou overgaan naar het Slavisch
waartegen ik vorig seizoen kansloos verloor.} 5. Qa4+ {Ik dacht dat dit minder
gebruikelijk was dan cxd5 en Lg5 en hoopte dat Michael dit minder goed zou
kennen. Een beetje naïef natuurlijk want Michael weet alles van de openingen
die hij speelt en zelfs veel van openingen die hij niet speelt.} Nc6 6. Bg5 $6
{Toen Michael hierna lang ging nadenken besefte ik dat dit niet de beste zet
is.} dxc4 $1 {Niet de meest gespeelde zet maar wel de beste.} 7. e4 {Na een
kwartier. De alternatieven bevielen me niet.} (7. a3 Bxc3+ 8. bxc3 Qd5 9. Bxf6
gxf6 10. Nd2 b5 11. Qc2 a6 12. e4 Qd7 {1/2-1/2 (29) Topalov,V (2816)-Aronian,L
(2765) Saint Louis 2015}) (7. e3 Bd7 8. Qc2 b5 9. Be2 a6) 7... Bd7 8. Qc2 h6 $1
({Ik had gezien dat} 8... b5 {minder goed is wegens} 9. e5 h6 10. exf6 hxg5 11.
fxg7 Rg8 12. Qh7 Ne7 13. Ne5) 9. Bf4 {Na een kwartiertje waarin ik alle
mogelijke loperzetten bekeken had. Ze bevielen me geen van alle. Maar ja, mijn
loper stond wel in.} ({Relatief het beste lijkt} 9. Bd2 b5 10. Nxb5 Bxd2+ {
En hier was ik opgehouden omdat ik een van mijn centrumpionnen verlies. Het
valt misschien mee na} 11. Nxd2 a6 12. Na3 Nxd4 13. Qxc4 Bb5 14. Qc5 Qd6 15.
Rc1 {0-1 (28) Ruf,M (2390)-Mainka,R (2410) Bad Neuenahr 1989}) 9... b5 10. Be2
O-O 11. O-O Ne7 12. Ne5 Be8 13. Rad1 {Misschien is de andere toren logischer
maar ik hoopte in de toekomst iets met f4 te kunnen doen.} Bd6 14. Bf3 $6 {
Hier staat de loper niet goed.} ({Consequenter is} 14. Be3 {om evt. met f4 te
vervolgen.}) 14... Qb8 {Zwart wil c5 voorbereiden..} 15. Bg3 $6 ({Beter was} 
15. Ne2 {Want op} c5 {heeft wit} 16. Ng6) 15... Nh7 $1 {Haalt allerlei trucs
met e4-e5 uit de stelling.} 16. Be2 c5 17. Nf3 Bxg3 18. hxg3 cxd4 {Nu staat
zwart duidelijk beter. Maar hij heeft nog maar een kwartier tegen wit een half
uur.} 19. Nxd4 Qe5 ({Michael gaf achteraf de voorkeur aan} 19... Qb6) 20. Qd2
Qc5 21. a3 Rb8 {Beetje langzaam.} (21... a5) 22. Qe3 Qc7 23. e5 a5 24. f4 b4
25. axb4 axb4 26. Ne4 Nd5 27. Qf2 c3 28. bxc3 bxc3 {Zwart nog 5 minuten + 15"
increment, wit een kwartier.} ({Na afloop vonden we} 28... Nxc3 {sterker maar
dat blijkt niet zo te zijn.}) 29. Rc1 Rb2 30. Nc2 {Ik was tevreden over deze
zet en verwachtte ook zwart's volgende zet. De engine is het niet met me eens.}
Ba4 $2 {Ligt erg voor de hand maar geeft het voordeel weg.} ({De engine geeft} 
30... f5 $1 31. Nc5 Bf7 {om de andere toren in het spel te brengen.}) 31. Ne3
c2 32. Nxd5 exd5 33. Nc5 Bb3 $2 (33... Qc6 $11) 34. Qd4 $16 {Die zal Michael
gemist hebben.} Rb1 35. Rxb1 cxb1=Q 36. Rxb1 Bc4 $2 {Hierna staat wit op winst.
} (36... Bc2) 37. Rb7 $18 Qa5 38. Bxc4 dxc4 39. Qxc4 $2 {Deze zet die vrijwel
iedereen zou spelen geeft een deel van het voordeel weg.} ({De engine geeft} 
39. Kh2 $1 c3 (39... Qe1 40. Nd7 Rc8 41. Qd5) 40. Qc4 {gevolgd door Pd7.})
39... Qe1+ 40. Kh2 Qd1 {Dit idee zou zwart anders niet gehad hebben. Gelukkig
leeft Michael alleen nog op zijn increment. Ik had hier nog 7 minuten.} 41. Ne4
Qh5+ 42. Kg1 Qd1+ 43. Kf2 Kh8 (43... h5) 44. Rc7 {Ik had rustig op f7 kunnen
slaan maar ik dacht dat die pion niet wegliep. Zwart kan na ruil op f7 nooit
mijn paard slaan maar heeft wel heel veel schaakjes.} Qd8 $2 {Zwart had zijn
dame moeten laten staan.} (44... Kg8) 45. Nd6 {Einde partij.} f6 46. Nf7+ Rxf7
47. Qxf7 Qd4+ 48. Kf3 Qd1+ 49. Ke4 f5+ 50. Kxf5 Qd3+ 51. Ke6 Qb3+ 52. Ke7 Qb4+
53. Kd8 Qd4+ 54. Qd7 {en Michael feliciteerde me.} 1-0

[Event "Caissa intern 2016-2017"]
[Site "?"]
[Date "2016.11.22"]
[Round "11"]
[White "Witt, Rob"]
[Black "Hovenga, Alje"]
[Result "1-0"]
[WhiteElo "2201"]
[BlackElo "2189"]
[Annotator "Witt"]
[PlyCount "119"]
[EventDate "2016.??.??"]

{Ik heb niet veel zin om deze van mijn kant slechte partij te analyseren.} 1.
d4 Nf6 2. c4 e6 3. Nf3 {Een experiment.} Bb4+ {Ja, dat kan natuurlijk ook. Dat
was eigenlijk niet mijn bedoeling.} 4. Bd2 ({Ik vind} 4. Nbd2 {kansrijker.
Maar ik was bang dat Alje die scherpe varianten recent bestudeerd had en zelf
weet ik er te weinig van.}) 4... a5 5. Nc3 {Het is volgens Alje beter om
hiermee te wachten en eerst de koningsvleugel te ontwikkelen.} O-O 6. g3 d6 7.
Bg2 Qe7 8. O-O e5 9. d5 $2 {Dit speelt niemand en leidt tot niks.} (9. dxe5
dxe5 10. Qc2) 9... Nbd7 10. Qc2 Nc5 11. Bg5 a4 12. Nd2 a3 13. b3 {Ik heb hier
al ruim een half uur gebruikt zonder iets zinnigs te zien. Zwart staat al
beter.} Bd7 14. Nde4 Bf5 15. Bxf6 (15. Nxf6+ Qxf6 16. Qc1 {was veiliger.})
15... gxf6 {De dubbelpion geeft alleen zwart kansen.} 16. Qc1 Nd7 (16... Nxe4
17. Nxe4 Bg6) 17. Nd2 {Na een kwartiertje. Ik zag geen enkel plan. Zwart gaat
verder met Lg6 en f5.} Bg6 18. e4 $2 {Dit helpt alleen zwart.} f5 19. exf5 Bxf5
20. Nde4 Bg6 21. f4 f5 22. Ng5 Nc5 23. Nh3 e4 {Ik heb nog 20 minuten, Alje
drie kwartier.} 24. Qc2 Nd3 25. Rad1 Bh5 {Wit is volkomen weggespeeld. In
arrenmoede geef ik maar een kwaliteit voor een pion maar de stelling blijft
verloren.} 26. Rxd3 exd3 27. Qxd3 Rae8 {Alje speelt de volgende zetten bijna
allemaal a tempo.} 28. Kh1 h6 29. Ng1 Qe3 30. Qxe3 Rxe3 31. Nb5 Rf7 32. Nd4 {
Hier dacht Alje wel even na en produceerde toen het verschrikkelijke} Kg7 $4
33. Nc2 {De rest van de partij speelden we allebei in rapidtempo. Alje zei na
afloop dat hij eigenlijk geen zin meer had in de partij en ik eigenlijk ook
niet. Ik overwoog zelfs even om remise an te bieden, maar besloot toch maar
door te spelen.} Bd2 34. Nxe3 Bxe3 35. Re1 Bf2 36. Rf1 Bd4 37. Bf3 Bg6 38. Re1
Rf8 39. Kg2 Rc8 40. Ne2 Bb2 41. Nc1 Kf6 42. Nd3 Bd4 43. Nb4 Bf7 44. Nc2 Bb2 45.
Re3 c6 46. Rd3 c5 47. Re3 b5 48. Be2 (48. cxb5 c4 49. bxc4 Rxc4 50. Nxa3 Rb4
51. Nc2 Rxb5 52. Rb3 Rxb3 53. axb3 $18) 48... Bc1 49. Rd3 bxc4 (49... b4) 50.
bxc4 Ra8 51. Rb3 Be8 52. Rb6 Ke7 53. Bd3 Bd7 54. Kf2 Bd2 55. Ke2 Bc3 56. Ne3
Ra4 57. Rb3 Bb2 58. Bxf5 Be8 59. Bd3 Rb4 60. Bc2 {En nu had Alje er echt
genoeg van.} 1-0